00234nam a22001097a 4500020001800000082001400018100001900032245002500051260002900076300000800105650001100113 a9788121904674 a535.2 SUB aSubrahmanyam,N aA textbook of Optics aNew DelhibS.Chandc2002 a718 aOptics